000 00682nam a2200253Ia 4500
003 OSt
005 20220918163422.0
006 a|||||r|||| 00| 0
007 ta
008 220917b |||||||| |||| 00| 0 eng d
020 _a0 7139 10690
024 _a31,666
037 _cTextual
040 _aARTS
_cARTS
_beng
041 _2eng
_aeng
082 _aO111,6M88x, L7
100 _aMansfield Katherine
_913039
245 0 _aLetters and journals ed by C K Stead
260 _aLondon
_bAllen Lane UK
_c1977
300 _a285p.
_ccm.
650 _aENGLISH LITERATURE
942 _hO111,6M88x, L7
_cTEXL
_2CC
999 _c119486
_d119486